|
|
|
|
| LEADER |
01566nam a22003977a 4500 |
| 001 |
30211 |
| 003 |
BD-DhAAL |
| 005 |
20151027124439.0 |
| 008 |
151021s1998 bg a|||| |||| 00| 0 eng d |
| 040 |
|
|
|a BD-DhAAL
|c BD-DhAAL
|
| 082 |
|
|
|2 22
|a 307.1412095492
|
| 999 |
|
|
|c 35929
|d 35929
|
| 999 |
|
|
|c 35929
|
| 999 |
|
|
|c 35917
|
| 999 |
|
|
|c 35910
|
| 999 |
|
|
|c 35910 | 35909 | 35869 | 35868 | 35864 | 35863
|
| 999 |
|
|
|c 35909
|
| 999 |
|
|
|c 35869
|
| 999 |
|
|
|c 35868
|
| 999 |
|
|
|c 35864
|
| 999 |
|
|
|c 35863
|
| 100 |
|
|
|9 15609
|a Khatun, Masuma
|
| 245 |
|
|
|a Women's involvement in BRAC development activities and child nutrition :
|b working paper no. 30 /
|c Masuma Khatun
|
| 260 |
|
|
|a Dhaka :
|b BRAC-ICDDR,B joint research project, BRAC,
|c 1998
|
| 300 |
|
|
|a 14 p. :
|b ill. ;
|c 28 cm.
|
| 541 |
|
|
|e 30211
|
| 610 |
|
|
|a BRAC
|9 15610
|
| 650 |
|
|
|a Rural Development
|z Bangladesh
|9 15611
|
| 700 |
|
|
|a Bhuiya, Abbas
|9 15733
|
| 700 |
|
|
|a Chowdhury, Mushtaque
|9 15732
|
| 710 |
|
|
|a BRAC
|9 15610
|
| 852 |
|
|
|a Ayesha Abed Library
|c BRAC Resource Section
|
| 942 |
|
|
|2 ddc
|c BK
|
| 952 |
|
|
|0 0
|1 0
|2 ddc
|4 0
|6 307_141209549200000_KHA
|7 0
|9 56458
|a BRACUL
|b BRACUL
|c BRS
|d 2015-10-27
|e BRAC
|l 0
|o 307.1412095492 KHA
|p 3010030211
|r 2015-10-27
|t 1
|w 2015-10-27
|y BK
|
| 952 |
|
|
|0 0
|1 0
|2 ddc
|4 0
|6 307_141209549200000_KHA
|7 0
|9 56459
|a BRACUL
|b BRACUL
|c BRS
|d 2015-10-27
|e BRAC
|l 0
|o 307.1412095492 KHA
|p 3010030212
|r 2015-10-27
|t 2
|w 2015-10-27
|y BK
|
| 952 |
|
|
|0 0
|1 0
|2 ddc
|4 0
|6 307_141209549200000_KHA
|7 0
|9 56460
|a BRACUL
|b BRACUL
|c BRS
|d 2015-10-27
|e BRAC
|l 0
|o 307.1412095492 KHA
|p 3010030213
|r 2015-10-27
|t 3
|w 2015-10-27
|y BK
|